Premier League Top Scorers 22/23 - Statistics

General Stats
  • This quiz has been taken 50 times
  • The average score is 13 of 15
Answer Stats
# Club Goals Player % Correct
1 Man City 36 Erling Haaland
100%
2 Spurs 30 Harry Kane
100%
4 Liverpool 19 Mohamed Salah
100%
3 Brentford 20 Ivan Toney
98%
11 Arsenal 14 Bukayo Saka
95%
6 Man United 17 Marcus Rashford
95%
5 Newcastle 18 Callum Wilson
91%
9 Arsenal 15 Martin Odegaard
91%
8 Aston Villa 15 Ollie Watkins
86%
7 Arsenal 15 Gabriel Martinelli
84%
10 Fulham 14 Aleksandar Mitrovic
80%
14 Newcastle 11 Miguel Almiron
66%
15 Liverpool 11 Roberto Firmino
66%
12 Leicester 13 Harvey Barnes
59%
13 Leeds 13 Rodrigo
50%
No matching quizzes found
Score Distribution
Percent of People with Each Score
Percentile by Number Answered
Your Score History
You have not taken this quiz